LIBRARY & INFORMATION CENTRE, KCAET, TAVANUR

ONLINE PUBLIC ACCESS CATALOGUE (OPAC)

Farm machinery / (Record no. 9192)

MARC details
000 -LEADER
fixed length control field 00428cam a2200169ua 4500
020 ## - INTERNATIONAL STANDARD BOOK NUMBER
ISBN 0 632 034173
041 ## - LANGUAGE CODE
Language code of text/sound track or separate title eng
082 ## - DEWEY DECIMAL CLASSIFICATION NUMBER
Classification number 631.3
Item number CUL/FA
100 ## - MAIN ENTRY--AUTHOR NAME
Personal name Culpin, Claude .
245 ## - TITLE STATEMENT
Title Farm machinery /
260 ## - PUBLICATION, DISTRIBUTION, ETC. (IMPRINT)
Place of publication :
Name of publisher ELBS with Blackwell scientific publishers ,
Year of publication 1992.
300 ## - PHYSICAL DESCRIPTION
Number of Pages 444 ; .
500 ## - GENERAL NOTE
General note 18882 Scheme
942 ## - ADDED ENTRY ELEMENTS (KOHA)
Koha item type Books
Holdings
Withdrawn status Lost status Damaged status Home library Current library Date acquired Full call number Accession Number Koha item type
      KAUAET   07/04/2012 631.3 18882 Books
free website counter